000 00538nam a2200193Ia 4500
003 OSt
005 20251118152309.0
008 210210b1958 xxu||||| |||| 00| 0 eng d
040 _cAL
041 _aKannada
082 _a851/19
100 _aAMBIKATANAYADATTA
_9133700
_dಅಂಬಿಕಾತನಯದತ್ತ
245 _aGangavatarana
_b ಗಂಗಾವತರಣ
260 _aDharavada
_bPratibha Granthamale
_c1958
650 _aDa Ra Bendre
_9133701
690 _aKannada Poetry
_9133702
906 _a018036
942 _2ddc
_cBK
999 _c141168
_d141168